000 00311nam a2200121 i 4500
001 bg
245 0 _aZbiór zadań z elektrotechniki teoretycznej :
_bczwórniki-filtry-linie długie.
260 _aPoznań,
_c1974.
040 _cBPK
041 _apol
942 _cKS
008 s pl f |000 0 pol
999 _c15834
_d15834
856 _uhttp://koha.tu.koszalin.pl/cgi-bin/koha/opac-detail.pl?biblionumber=15834
_yKatalog online BPK